000 00761cam3a220026500 4500
001 lce00041840
008 750812s1975 enk b 001 0 eng
010 _a 75321567
015 _aGB75-12432
020 _cL.3.50
035 _a(Sirsi) r26861
035 _a(DLC) 75321567
035 _a(UPRA)lce00041840
040 _dUPRA
050 0 _aRM236
_b.W9
082 _a301.5/2
100 2 _aWynne-Tyson, Jon.
_6A90700.1
245 1 0 _aFood for a future :
_bthe ecological priority of a humane diet /
_cJon Wynne-Tyson.
260 _aLondon :
_bDavis-Poynter,
_c1975.
500 _aIncludes index.
504 _aBibliography: p. 176-177.
650 0 _aVegetarianism.
_6S2514.1
949 _aRM236
_wlcc
_i-27878
_mMAIN
_tBOOK
_lON-SHELF
004 26861
999 _c188723
_d188723